| 000 | 01306cam a2200289 i 4500 | ||
|---|---|---|---|
| 003 | SA-RiAUC | ||
| 005 | 20240923093142.0 | ||
| 008 | 240919s1983 ku g b 00110 ara c | ||
| 040 |
_aSA-RiAUC _bara _cSA-RiAUC _erda |
||
| 043 |
_aa-su--- _ae-uk--- |
||
| 082 | 0 | 4 |
_a953.15 _qSA-RiAUC |
| 090 |
_a953.15 _bا ب ا |
||
| 100 | 1 |
_aأباظة، فاروق عثمان، _d1936- _eمؤلف. |
|
| 245 | 1 | 0 |
_aسياسة بريطانيا في عسير أثناء الحرب العالمية الأولى / _cفاروق عثمان أباظة. |
| 264 | 1 |
_aالكويت : _bمجلة دراسات الخليج والجزيرة العربية، _c1983 |
|
| 300 |
_a122 صفحة ؛ _c25 سم. |
||
| 336 |
_aنص _btxt _2rdacontent _3كتاب |
||
| 337 |
_aبدون وسيط _bn _2rdamedia |
||
| 338 |
_aمجلد _bnc _2rdacarrier |
||
| 490 | 0 |
_aمنشورات مجلة دراسات الخليج والجزيرة العربية ؛ _v9 |
|
| 500 | _aكشافات : صفحة 97-110. | ||
| 504 | _aببليوجرافية : صفحة 87-93. | ||
| 650 | 7 |
_aالحرب العالمية الأولى، 1914-1918 _zالسعودية _zعسير _2aucsh |
|
| 651 | 7 |
_aعسير (السعودية) _xسياسة وحكومة _xتاريخ _yقرن 14 هجري _2aucsh |
|
| 942 |
_2ddc _cBOOK _n0 |
||
| 949 |
_aSA-JeALM _d240919 _umohamedma123 _n1 |
||
| 999 |
_c478 _d478 |
||